Представление документа в формате RUSMARC

ПолеНазваниеЗначение
  Тип записи a
  Библиографический уровень m
001 Контрольный номер 383eb40c024142d58badcf6423507f94
005 Дата корректировки 20260619100954.2
010 Индекс ISBN __
a ISBN 978-5-00250-661-3
b Уточнения в пер.
9 Тираж 5000 экз.
100 Данные общей обработки __
a Данные общей обработки 20260618d2026 cd y0rusy028902 ca
101 Язык документа 0_
a Язык текста rus
102 Страна публикации __
a Страна публикации RU
105 Кодированные данные (монография) __
a Кодированные данные (монография) a z 000yy
181 Поле кодированных данных: вид содержания _0
a Код вида содержания (ISBD) i
181 Поле кодированных данных: вид содержания _0
a Код вида содержания (ISBD) b
182 Поле кодированных данных: тип средства _0
a Код типа средства (ISBD) n
200 Заглавие и сведения об ответственности 1_
a Заглавие Народные промыслы на Руси
e Сведения, относящиеся к заглавию [для среднего школьного возраста]
f Первые сведения об ответственности Екатерина Пушкина
g Последующие сведения об ответственности иллюстрации Екатерины Вергузовой
203 Вид содержания и тип средства __
a Вид содержания Текст
a Вид содержания Изображение
c Тип средства непосредственные
b Характеристика содержания неподвижное
b Характеристика содержания двухмерное
210 Выходные данные 1_
a Место издания Москва
c Издательство МИФ
d Дата издания 2026
215 Физическое описание __
a Объем 15 с.
c Иллюстрации/тип воспроизводства цв. ил.
d Формат 25 см
225 Серия 2_
a Серия Наша страна Россия
i Наименование части Как жили на Руси
330 Аннотация __
a Аннотация Что означают яркие полоски и круги на дымковских игрушках? Как появились на Руси свистульки? Кто придумал жостовский поднос? Как получают разные оттенки синего цвета при росписи гжели? Книга расскажет о самых знаменитых художественных промыслах и пригласит в гости к мастерам в удивительные уголки России: в Дымково и Жостово, в Палех и Хохлому. Вы узнаете об устройстве гончарного круга и о технике нанесения рисунка на палехскую шкатулку. А еще о приемах создания глиняной игрушки и о том, чем узор "под травку" отличается от узора "под ягодку".
333 Примечание о целевом назначении __
a Примечание о целевом назначении 6+. Для детей старше шести лет
606 Тематические рубрики __
2 Код системы nlr_sh
a Основная рубрика Этнология
606 Тематические рубрики __
2 Код системы nlr_sh
a Основная рубрика Этнология современных народов
606 Тематические рубрики __
2 Код системы nlr_sh
a Основная рубрика Изобразительное искусство и архитектура
606 Тематические рубрики __
2 Код системы nlr_sh
a Основная рубрика Художественные изделия
610 Ключевые слова 0_
a Ключевые слова промыслы
610 Ключевые слова 0_
a Ключевые слова народные промыслы
610 Ключевые слова 0_
a Ключевые слова гончарное ремесло
610 Ключевые слова 0_
a Ключевые слова художественная роспись
610 Ключевые слова 0_
a Ключевые слова орнаменты
610 Ключевые слова 0_
a Ключевые слова гжель
610 Ключевые слова 0_
a Ключевые слова палехская роспись
610 Ключевые слова 0_
a Ключевые слова жостовская роспись
610 Ключевые слова 0_
a Ключевые слова хохломская роспись
610 Ключевые слова 0_
a Ключевые слова дымковская игрушка
610 Ключевые слова 0_
a Ключевые слова детская литература
610 Ключевые слова 0_
a Ключевые слова познавательная литература
686 Индексы других классификаций __
2 Код системы rubbks
a Классификационный индекс ст63.5(=411.2)-4
686 Индексы других классификаций __
2 Код системы rubbks
a Классификационный индекс ст85.126(2)
700 Автор _1
a Фамилия Пушкина
b Имя Е.
g Полное личное имя Екатерина
4 Код отношения 070
702 Вторичная интеллектуальная ответственность _1
a Фамилия Вергузова
b Имя Е. А.
g Полное личное имя Екатерина Александровна
4 Код отношения 440
f Даты 1993-
801 Источник записи _0
a Страна RU
b Организация Муниципальное бюджетное учреждение культуры "Централизованная библиотечная система" г. Сургут (Центральная городская библиотека им. А. С. Пушкина)
g Правила каталогизации PSBO
c Дата составления 20260618
801 Источник записи _1
a Страна RU
b Организация Муниципальное бюджетное учреждение культуры "Централизованная библиотечная система" г. Сургут (Центральная городская библиотека им. А. С. Пушкина)
g Правила каталогизации PSBO
c Дата составления 20260618
852 Данные о местонахождении __
i Авторский знак П 91
j Шифр хранения ст63.5(=411.2)-4
901 Тип документа __
t Тип документа m
a Ответственный ООФиК/Волкова
901 Тип документа __
a Ответственный без партии
903 Характеристики (МАРС) __
c Наименование библиотеки (МАРС) Муниципальное бюджетное учреждение культуры "Централизованная библиотечная система" г. Сургут (Центральная городская библиотека им. А. С. Пушкина)
a Дата передачи 20260618
969 Тип издания __
a Тип издания брошюра
a Тип издания издание для детей
a Тип издания научно-популярное издание
a Тип издания Ф 26